| 000 | 00668nam0a22002411 4500 | ||
|---|---|---|---|
| 001 | rc\2592666 | ||
| 005 | 20250623124146.0 | ||
| 035 | _a(NLR Aleph) 006756926 | ||
| 090 |
_a5803401 _c5803401 |
||
| 100 | _a20110914d1929 |||y0rusy50 ca | ||
| 101 | 0 | _arus | |
| 102 | _aRU | ||
| 105 | _ay z |||a| | ||
| 200 | 1 |
_aОсвободитель Индии _eРоман приключений |
|
| 210 |
_a[Харьков] _cПролетарий, Юн. сектор _d1929 |
||
| 215 |
_a258, [6] с. _d21 см. |
||
| 700 | 1 |
_aРушия _bР. |
|
| 801 | 0 |
_aRU _bNLR _gpsbo |
|
| 801 | 1 |
_aRU _bELAR _2rusmarc |
|
| 852 |
_aNLR _j77/157 |
||
| 942 | _cBOOK | ||
| 980 | _aNB | ||